MARC
| LEADER | 00000nam a2200000 a 4500 | ||
|---|---|---|---|
| 001 | UCX8507 | ||
| 003 | CL-VaPUC | ||
| 008 | 940407e19660000US |||||||||||||||||eng|d | ||
| 082 | 0 | 4 | |a 571.2 |b DEV |2 21 |
| 100 | |a Devlin, Robert M |e author |9 334404 | ||
| 245 | 1 | 0 | |a Plant physiology |
| 300 | |a 564 p | ||
| 942 | |c BK | ||
| 945 | |d 19940407 00:00:00 |a mfernand | ||
| 260 | |a Nueva York |b Reinhold |c 1966 | ||
| 650 | 0 | |a Fisiología vegetal |9 260158 | |
| 583 | |a last modification |c 19940407 00:00:00 |k Rodrigo Vera | ||
| 999 | |c 227985 |d 227983 | ||